[Event "Rochefort op 21st"]
[Site "Rochefort"]
[Date "2023.02.12"]
[Round "2"]
[White "Harsha, Bharathakoti"]
[Black "Joly, Julien"]
[Result "1-0"]
[WhiteElo "2599"]
[BlackElo "2259"]
[PlyCount "59"]
[EventDate "2023.02.11"]
[EventType "swiss"]
[EventRounds "9"]
[EventCountry "FRA"]
[SourceTitle "CBM 212 Extra"]
[Source "ChessBase"]
[SourceDate "2023.03.31"]
[SourceVersion "1"]
[SourceVersionDate "2023.03.31"]
[SourceQuality "1"]

1. d4 d6 2. e4 Nf6 3. Nc3 Nbd7 4. Nf3 e5 5. Rg1 c6 6. a3 Be7 7. g4 h6 8. Be3 Qc7 9. h4 exd4 10. Nxd4 Ne5 11. Be2 Qd7 12. Nf5 g6 13. Nxe7 Qxe7 14. g5 hxg5 15. Bxg5 Ned7 16. Qd2 Kd8 17. f4 Kc7 18. 0-0-0 Qf8 19. e5 Ne8 20. exd6+ Qxd6 21. Nb5+ cxb5 22. Qc3+ Qc6 23. Qxh8 Nc5 24. Bd8+ Kb8 25. Qe5+ Nc7 26. Rd6 Nb3+ 27. Kb1 Qc5 28. Bxc7+ Qxc7 29. cxb3 Bf5+ 30. Ka2 1-0

[Event "Europe Echecs Blitz May op"]
[Site "Europe Echecs INT"]
[Date "2021.05.09"]
[Round "7"]
[White "Joly, Julien"]
[Black "Andrieu, Luc"]
[Result "1-0"]
[WhiteElo "2198"]
[BlackElo "1726"]
[PlyCount "85"]
[EventDate "2021.05.09"]
[EventType "swiss (blitz)"]
[EventRounds "11"]
[EventCountry "FRA"]
[SourceTitle "CBM 202 Extra"]
[Source "ChessBase"]
[SourceDate "2021.07.31"]
[SourceVersion "1"]
[SourceVersionDate "2021.07.31"]
[SourceQuality "1"]

1. g4 e5 2. Bg2 d5 3. g5 Qxg5 4. Bxd5 c6 5. Bf3 Qd8 6. d3 Nf6 7. c4 Bg4 8. Bxg4 Nxg4 9. Nf3 Bc5 10. e3 Qf6 11. Nc3 0-0 12. Ne4 Qe7 13. Rg1 Nf6 14. Ng3 Nbd7 15. Nf5 Qd8 16. Nxg7 Kh8 17. Nf5 Rg8 18. Rxg8+ Qxg8 19. Ng3 Ng4 20. Qe2 Re8 21. Bd2 Qg6 22. 0-0-0 f5 23. Nh4 Qf6 24. Nhxf5 Nh6 25. Nxh6 Qxh6 26. Qg4 Re7 27. Nf5 Qg6 28. Qxg6 hxg6 29. Nxe7 Kg7 30. Nc8 a6 31. d4 exd4 32. exd4 Bf8 33. d5 cxd5 34. cxd5 Nc5 35. Bc3+ Kf7 36. d6 Bxd6 37. Nxd6+ Ke6 38. Nc4 Ne4 39. Re1 Kf5 40. Ne3+ Kf4 41. Nd5+ Kf3 42. Re3+ Kxf2 43. Rxe4 1-0

[Event "Europe Echecs Blitz May op"]
[Site "Europe Echecs INT"]
[Date "2021.05.09"]
[Round "3"]
[White "Joly, Julien"]
[Black "Guliyev, Namig"]
[Result "0-1"]
[WhiteElo "2198"]
[BlackElo "2538"]
[PlyCount "28"]
[EventDate "2021.05.09"]
[EventType "swiss (blitz)"]
[EventRounds "11"]
[EventCountry "FRA"]
[SourceTitle "CBM 202 Extra"]
[Source "ChessBase"]
[SourceDate "2021.07.31"]
[SourceVersion "1"]
[SourceVersionDate "2021.07.31"]
[SourceQuality "1"]

1. e4 c5 2. Nf3 d6 3. d4 cxd4 4. Nxd4 Nf6 5. Nc3 a6 6. f4 e6 7. Bd3 b5 8. Qe2 Bb7 9. 0-0 Be7 10. e5 dxe5 11. fxe5 Qxd4+ 12. Kh1 Nd5 13. Ne4 Qxe5 14. Qg4 f5 0-1

[Event "Cappelle Online Blitz op"]
[Site "Europe Echecs INT"]
[Date "2021.03.07"]
[Round "11"]
[White "Enchev, Ivajlo"]
[Black "Joly, Julien"]
[Result "1-0"]
[WhiteElo "2501"]
[BlackElo "2198"]
[PlyCount "49"]
[EventDate "2021.03.07"]
[EventType "swiss (blitz)"]
[EventRounds "11"]
[EventCountry "FRA"]
[SourceTitle "CBM 201 Extra"]
[Source "ChessBase"]
[SourceDate "2021.05.31"]
[SourceVersion "1"]
[SourceVersionDate "2021.05.31"]
[SourceQuality "1"]

1. g3 g6 2. Bg2 Bg7 3. c4 Nf6 4. Nc3 0-0 5. d4 d6 6. e4 e5 7. Nge2 exd4 8. Nxd4 Nc6 9. Nxc6 bxc6 10. 0-0 Nd7 11. Qc2 Ba6 12. b3 Nc5 13. Bb2 Bc8 14. Rad1 Qe7 15. Rfe1 Bg4 16. f3 Bd7 17. b4 Ne6 18. f4 Nd4 19. Qf2 Bg4 20. Rxd4 Bxd4 21. Qxd4 a5 22. b5 Bd7 23. bxc6 Bxc6 24. Nd5 Bxd5 25. Qg7# 1-0

[Event "Cappelle Online Rapid op"]
[Site "Europe Echecs INT"]
[Date "2021.03.06"]
[Round "6"]
[White "Joly, Julien"]
[Black "Zienkiewicz, Jan"]
[Result "1-0"]
[WhiteElo "2198"]
[BlackElo "1882"]
[PlyCount "87"]
[EventDate "2021.03.06"]
[EventType "swiss (rapid)"]
[EventRounds "9"]
[EventCountry "FRA"]
[SourceTitle "CBM 201 Extra"]
[Source "ChessBase"]
[SourceDate "2021.05.31"]
[SourceVersion "1"]
[SourceVersionDate "2021.05.31"]
[SourceQuality "1"]

1. d4 Nf6 2. Bf4 g6 3. Nc3 Bg7 4. e4 d6 5. Qd2 c6 6. 0-0-0 b5 7. f3 Nbd7 8. Bh6 Bxh6 9. Qxh6 Qa5 10. Kb1 b4 11. Nce2 Ba6 12. Nc1 Bxf1 13. Rxf1 Nb6 14. Nge2 Nc4 15. Nb3 Qb5 16. Nec1 a5 17. Nd2 a4 18. Nxc4 Qxc4 19. Qd2 0-0 20. h4 Rfb8 21. g4 b3 22. cxb3 axb3 23. a3 c5 24. d5 Qb5 25. h5 c4 26. hxg6 fxg6 27. g5 c3 28. Qxc3 Rc8 29. Qd4 Nh5 30. Rf2 Rc4 31. Qd1 Rac8 32. Nxb3 Nf4 33. Ka2 Rb8 34. Rfh2 Nh5 35. Qd3 Rbc8 36. Rc2 Nf4 37. Rxc4 Nxd3 38. Rxc8+ Kg7 39. Rc3 Ne5 40. f4 Ng4 41. Rch3 Nf2 42. Rxh7+ Kf8 43. Rh8+ Kf7 44. R1h7# 1-0

[Event "Cappelle Online Rapid op"]
[Site "Europe Echecs INT"]
[Date "2021.03.06"]
[Round "3"]
[White "Nikolovski, Nikola"]
[Black "Joly, Julien"]
[Result "0-1"]
[WhiteElo "2454"]
[BlackElo "2198"]
[PlyCount "126"]
[EventDate "2021.03.06"]
[EventType "swiss (rapid)"]
[EventRounds "9"]
[EventCountry "FRA"]
[SourceTitle "CBM 201 Extra"]
[Source "ChessBase"]
[SourceDate "2021.05.31"]
[SourceVersion "1"]
[SourceVersionDate "2021.05.31"]
[SourceQuality "1"]

1. e4 c5 2. Nc3 e6 3. f4 d5 4. e5 Nc6 5. Nf3 Nh6 6. g3 Nf5 7. Bg2 Be7 8. 0-0 0-0 9. d3 Rb8 10. Qe2 b5 11. Nd1 Nfd4 12. Qf2 b4 13. Be3 Nxf3+ 14. Qxf3 Bb7 15. Nf2 d4 16. Bd2 Nxe5 17. Qe2 Bxg2 18. Kxg2 Qd5+ 19. Ne4 Nd7 20. Kg1 Nf6 21. Ng5 Rbc8 22. b3 Qf5 23. h3 h6 24. g4 Qd5 25. Nf3 Nd7 26. a4 Rce8 27. Rae1 Bd6 28. Bc1 f5 29. Nh4 fxg4 30. hxg4 g5 31. Ng6 Rf6 32. f5 Kg7 33. Qg2 Qxg2+ 34. Kxg2 Nf8 35. Nxf8 Rexf8 36. fxe6 Rxf1 37. Rxf1 Rxf1 38. Kxf1 Kf6 39. Kg2 Kxe6 40. Kf3 Kd5 41. Bd2 a5 42. Bc1 Bh2 43. Bd2 Bg1 44. Be1 Bh2 45. Bd2 Ke5 46. Be1 Bf4 47. Bf2 h5 48. Be1 h4 49. Kg2 Be3 50. Kf3 Kd5 51. Kg2 Kd6 52. Kh3 Ke5 53. Kg2 Kf4 54. Kh3 Kf3 55. Bxh4 gxh4 56. Kxh4 Ke2 57. g5 Kd2 58. Kh5 Bxg5 59. Kxg5 Kxc2 60. Kf5 Kxd3 61. Ke5 Kc3 62. Kd5 d3 63. Kxc5 d2 0-1

[Event "Cappelle Online Bullet op"]
[Site "Europe Echecs INT"]
[Date "2021.03.05"]
[Round "15"]
[White "Ballester, Alexandre"]
[Black "Joly, Julien"]
[Result "0-1"]
[WhiteElo "2099"]
[BlackElo "2198"]
[PlyCount "80"]
[EventDate "2021.03.05"]
[EventType "swiss (blitz)"]
[EventRounds "15"]
[EventCountry "FRA"]
[SourceTitle "EXT 2022"]
[Source "ChessBase"]
[SourceDate "2021.10.06"]
[SourceVersion "1"]
[SourceVersionDate "2021.10.06"]
[SourceQuality "1"]

1. e4 Nc6 2. Nc3 d6 3. f4 e5 4. Nf3 exf4 5. Bb5 Bd7 6. d4 a6 7. Bd3 Nge7 8. a3 g6 9. 0-0 Bg7 10. Bxf4 Nxd4 11. Qd2 Nxf3+ 12. Rxf3 0-0 13. Bh6 f5 14. Bc4+ Kh8 15. Rh3 Ng8 16. Bxg7+ Kxg7 17. Nd5 c6 18. Qd4+ Nf6 19. Nf4 d5 20. exd5 cxd5 21. Bxd5 Bc6 22. Ne6+ Kg8 23. Nxd8+ Bxd5 24. Re1 Raxd8 25. Re7 Rf7 26. Qh4 Rxe7 27. Qxf6 Rde8 28. Rd3 Re1+ 29. Kf2 R8e2+ 30. Kg3 Rxg2+ 31. Kh4 Rxh2+ 32. Kg5 Rg1+ 33. Kf4 Rh4+ 34. Ke5 Re4+ 35. Kd6 Re6+ 36. Qxe6+ Bxe6 37. Kxe6 Kg7 38. Rd8 Kh6 39. Ke7 Kh5 40. Kf8 Kg5 0-1

[Event "Cappelle Online Bullet op"]
[Site "Europe Echecs INT"]
[Date "2021.03.05"]
[Round "4"]
[White "Nikolovski, Nikola"]
[Black "Joly, Julien"]
[Result "1-0"]
[WhiteElo "2454"]
[BlackElo "2198"]
[PlyCount "69"]
[EventDate "2021.03.05"]
[EventType "swiss (blitz)"]
[EventRounds "15"]
[EventCountry "FRA"]
[SourceTitle "EXT 2022"]
[Source "ChessBase"]
[SourceDate "2021.10.06"]
[SourceVersion "1"]
[SourceVersionDate "2021.10.06"]
[SourceQuality "1"]

1. e4 c5 2. Nc3 e6 3. f4 d5 4. Nf3 dxe4 5. Nxe4 Nc6 6. Bb5 Bd7 7. d3 Nf6 8. 0-0 Nd4 9. Nxd4 cxd4 10. Nxf6+ gxf6 11. Bc4 Bc6 12. f5 e5 13. Qh5 Qd7 14. Bd2 Bd6 15. Be6 Qe7 16. Rf2 Rf8 17. Bh6 Rg8 18. Re1 Kd8 19. Bxf7 Rh8 20. Bg7 Rf8 21. Bxf8 Qxf8 22. Qxh7 Kc7 23. Bd5+ Kb6 24. Bxc6 bxc6 25. Re4 c5 26. Rg4 c4 27. Rg7 cxd3 28. Rb7+ Ka6 29. Qd7 Qe8 30. Rxa7+ Kb6 31. Qb7+ Kc5 32. Rxa8 Qh5 33. Ra5+ Kc4 34. Qd5+ Kb4 35. a3# 1-0

[Event "Ville d'Orsay online Blitz"]
[Site "Europe Echecs INT"]
[Date "2021.02.07"]
[Round "11"]
[White "Daulyte Cornette, Deimante"]
[Black "Joly, Julien"]
[Result "1/2-1/2"]
[WhiteElo "2387"]
[BlackElo "2198"]
[PlyCount "113"]
[EventDate "2021.02.07"]
[EventType "swiss (blitz)"]
[EventRounds "11"]
[EventCountry "FRA"]
[SourceTitle "CBM 200 Extra"]
[Source "ChessBase"]
[SourceDate "2021.03.31"]
[SourceVersion "1"]
[SourceVersionDate "2021.03.31"]
[SourceQuality "1"]

1. e4 c5 2. Nc3 e6 3. Nge2 Nc6 4. d4 cxd4 5. Nxd4 Nf6 6. g3 Qb6 7. Nxc6 bxc6 8. Bg2 e5 9. 0-0 Ba6 10. Re1 Bc5 11. Be3 Bxe3 12. Rxe3 0-0 13. b3 Qd4 14. Qe1 Ng4 15. Rf3 Rad8 16. Rd1 Qc5 17. Qd2 d6 18. Na4 Qa3 19. c4 Nf6 20. Nc3 Rfe8 21. Qg5 Kf8 22. Rxf6 gxf6 23. Qxf6 Re6 24. Qh8+ Ke7 25. Qxh7 Qb2 26. Qh4+ Ke8 27. Na4 Qe2 28. Rf1 Qxa2 29. Bh3 Rg6 30. c5 Bxf1 31. Bxf1 Qxb3 32. cxd6 Rdxd6 33. Nc5 Qd1 34. Qh8+ Ke7 35. Qh4+ Rgf6 36. Qg5 Qd4 37. Nd3 Qxe4 38. Nxe5 Qf5 39. Qe3 Rfe6 40. Qxa7+ Ke8 41. Qb8+ Ke7 42. Qc7+ Ke8 43. Nc4 Rd7 44. Qb8+ Ke7 45. Nb6 Rdd6 46. Nc8+ Kd7 47. Nxd6 Rxd6 48. Qb7+ Ke8 49. Qb8+ Ke7 50. Qc7+ Qd7 51. Qb6 Qd8 52. Qe3+ Re6 53. Qg5+ Ke8 54. Qg8+ Ke7 55. Qg5+ Ke8 56. Qg8+ Ke7 57. Qg5+ 1/2-1/2

[Event "Ville d'Orsay online Blitz"]
[Site "Europe Echecs INT"]
[Date "2021.02.07"]
[Round "10"]
[White "Joly, Julien"]
[Black "Shchekachev, Andrei"]
[Result "0-1"]
[WhiteElo "2198"]
[BlackElo "2515"]
[PlyCount "208"]
[EventDate "2021.02.07"]
[EventType "swiss (blitz)"]
[EventRounds "11"]
[EventCountry "FRA"]
[SourceTitle "CBM 200 Extra"]
[Source "ChessBase"]
[SourceDate "2021.03.31"]
[SourceVersion "1"]
[SourceVersionDate "2021.03.31"]
[SourceQuality "1"]

1. e4 Nc6 2. Nf3 d6 3. d4 Nf6 4. Nc3 g6 5. h3 Bg7 6. Be2 0-0 7. Be3 e5 8. 0-0 exd4 9. Nxd4 Bd7 10. Qd2 Re8 11. f3 a6 12. Nxc6 Bxc6 13. Bg5 Re6 14. Bc4 Re7 15. Rad1 Qf8 16. Bb3 h6 17. Bh4 Rae8 18. Bd5 Re5 19. Bg3 R5e7 20. Bh4 Kh7 21. Qd3 Ra8 22. Bxc6 bxc6 23. Qc4 Qe8 24. b3 Re6 25. Rfe1 Nh5 26. Bf2 Nf4 27. Ne2 d5 28. Qc5 Nxe2+ 29. Rxe2 dxe4 30. fxe4 Rxe4 31. Rxe4 Qxe4 32. Re1 Qf4 33. Qxc6 Rd8 34. Qf3 Qxf3 35. gxf3 Rd2 36. c4 Bf6 37. Rb1 Rxa2 38. b4 Ra4 39. b5 axb5 40. cxb5 Rc4 41. b6 cxb6 42. Rxb6 Kg7 43. Rb7 Rc2 44. Rb3 Rc1+ 45. Kg2 Rc2 46. Kg1 Be5 47. Rd3 Kf6 48. Bd4 Kf5 49. Bxe5 Kxe5 50. Rd7 f6 51. Rf7 h5 52. h4 Kf5 53. Rf8 Ke5 54. Rf7 Rc8 55. Kg2 Ke6 56. Ra7 Rc5 57. Kg3 Kf5 58. Ra6 g5 59. hxg5 fxg5 60. Ra8 h4+ 61. Kh3 Kf4 62. Ra3 Re5 63. Rb3 Re3 64. Rb4+ Kxf3 65. Ra4 Re5 66. Ra3+ Kf4 67. Ra4+ Kf5 68. Ra3 Kf4 69. Ra4+ Re4 70. Ra5 Re3+ 71. Kh2 Kg4 72. Ra4+ Kh5 73. Ra5 Re2+ 74. Kh3 Re3+ 75. Kh2 Rf3 76. Rb5 Kg4 77. Rb4+ Rf4 78. Rb2 Rd4 79. Rc2 Kf4 80. Rf2+ Kg4 81. Rc2 Rd3 82. Rc4+ Kh5 83. Rc5 Kg4 84. Rc4+ Kf5 85. Rc5+ Kf4 86. Rc4+ Kf3 87. Kh3 Kf2+ 88. Kh2 Ke3 89. Rg4 Rd5 90. Kh3 Kf3 91. Ra4 Re5 92. Rb4 Re4 93. Rb3+ Kf4 94. Rb5 Re3+ 95. Kh2 g4 96. Rb8 Re2+ 97. Kg1 h3 98. Rb3 g3 99. Rb4+ Kf3 100. Rb3+ Re3 101. Rb1 Rd3 102. Rf1+ Kg4 103. Rb1 h2+ 104. Kh1 Kh3 0-1

[Event "Ville d'Orsay online Blitz"]
[Site "Europe Echecs INT"]
[Date "2021.02.07"]
[Round "3"]
[White "Makhnev, Denis"]
[Black "Joly, Julien"]
[Result "1-0"]
[WhiteElo "2480"]
[BlackElo "2198"]
[PlyCount "65"]
[EventDate "2021.02.07"]
[EventType "swiss (blitz)"]
[EventRounds "11"]
[EventCountry "FRA"]
[SourceTitle "CBM 200 Extra"]
[Source "ChessBase"]
[SourceDate "2021.03.31"]
[SourceVersion "1"]
[SourceVersionDate "2021.03.31"]
[SourceQuality "1"]

1. d4 Nf6 2. c4 g6 3. g3 Bg7 4. Bg2 0-0 5. Nc3 d6 6. Nf3 Nbd7 7. 0-0 e5 8. e4 c6 9. h3 Qb6 10. Re1 Re8 11. d5 Nc5 12. Qc2 Nfd7 13. Be3 Qc7 14. b4 Na6 15. a3 Nf6 16. Rac1 c5 17. Qb3 b6 18. Nd2 Bd7 19. Nb5 Qb8 20. f4 Nh5 21. Nf1 f5 22. exf5 gxf5 23. fxe5 Bxe5 24. Bf2 Nc7 25. Rxe5 Bxb5 26. Rxf5 Ng7 27. Rf6 Qd8 28. Qb2 Ba6 29. g4 Rf8 30. Rxf8+ Qxf8 31. Ng3 Re8 32. Ne4 Kh8 33. Bg3 1-0

[Event "Ville d'Orsay online Blitz"]
[Site "Europe Echecs INT"]
[Date "2021.02.07"]
[Round "5"]
[White "Smirnov, Pavel"]
[Black "Joly, Julien"]
[Result "1-0"]
[WhiteElo "2544"]
[BlackElo "2198"]
[PlyCount "75"]
[EventDate "2021.02.07"]
[EventType "swiss (blitz)"]
[EventRounds "11"]
[EventCountry "FRA"]
[SourceTitle "CBM 200 Extra"]
[Source "ChessBase"]
[SourceDate "2021.03.31"]
[SourceVersion "1"]
[SourceVersionDate "2021.03.31"]
[SourceQuality "1"]

1. d4 Nf6 2. c4 g6 3. Nf3 Bg7 4. g3 0-0 5. Bg2 d6 6. 0-0 Nbd7 7. Nc3 e5 8. b3 c6 9. e4 exd4 10. Nxd4 Nc5 11. f3 a5 12. Be3 Nfd7 13. Qd2 Re8 14. Rfd1 Qc7 15. Nde2 Bf8 16. Rab1 Ne5 17. Nd4 Bg7 18. Qc2 h5 19. Ndb5 cxb5 20. Nxb5 Qe7 21. Nxd6 Ne6 22. Nxe8 Qxe8 23. h3 Nc6 24. Qf2 Qe7 25. f4 Nf8 26. e5 Bf5 27. Rb2 Nb4 28. Rbd2 a4 29. Bc5 Qe6 30. Bxb4 axb3 31. axb3 Bxh3 32. Bxb7 Rb8 33. Bd5 Qg4 34. Bf3 Qf5 35. Be7 Rxb3 36. c5 Qe6 37. Bd5 Rxg3+ 38. Qxg3 1-0

[Event "Cappelle Online Blitz op 1st"]
[Site "Europe Echecs INT"]
[Date "2021.01.10"]
[Round "11"]
[White "Joly, Julien"]
[Black "Agmanov, Zhandos"]
[Result "0-1"]
[WhiteElo "2198"]
[BlackElo "2413"]
[PlyCount "90"]
[EventDate "2021.01.10"]
[EventType "swiss (blitz)"]
[EventRounds "11"]
[EventCountry "FRA"]
[SourceTitle "CBM 200 Extra"]
[Source "ChessBase"]
[SourceDate "2021.03.31"]
[SourceVersion "1"]
[SourceVersionDate "2021.03.31"]
[SourceQuality "1"]

1. e4 e6 2. d4 d5 3. Nd2 c5 4. exd5 exd5 5. Ngf3 Nf6 6. dxc5 Bxc5 7. Bb5+ Bd7 8. Qe2+ Be7 9. 0-0 0-0 10. Ne5 Bf5 11. Ndf3 Nbd7 12. Nd4 Bg6 13. Nxg6 hxg6 14. Bf4 Nc5 15. Rad1 Bd6 16. Bxd6 Qxd6 17. Qf3 Qb6 18. b3 Nce4 19. Rfe1 Rac8 20. Bf1 Nc3 21. Rd3 Nxa2 22. Red1 Nb4 23. R3d2 Ne4 24. h4 Nxd2 25. Rxd2 Qf6 26. Qg3 Rfe8 27. c3 Nc6 28. Nb5 Re1 29. f3 Rb1 30. b4 d4 31. Nd6 Rd8 32. Ne4 Qe5 33. Qf2 dxc3 34. Rxd8+ Nxd8 35. Qc2 Rb2 36. Qd3 Ne6 37. Nxc3 Qd4+ 38. Qxd4 Nxd4 39. Nd5 Nc6 40. b5 Nd4 41. Bc4 Nxb5 42. Ne7+ Kf8 43. Nc8 a5 44. Nb6 Nd6 45. Bd5 Rxb6 0-1

[Event "Cappelle Online Blitz op 1st"]
[Site "Europe Echecs INT"]
[Date "2021.01.10"]
[Round "7"]
[White "Joly, Julien"]
[Black "Osmak, Iulija"]
[Result "1-0"]
[WhiteElo "2198"]
[BlackElo "2428"]
[PlyCount "133"]
[EventDate "2021.01.10"]
[EventType "swiss (blitz)"]
[EventRounds "11"]
[EventCountry "FRA"]
[SourceTitle "CBM 200 Extra"]
[Source "ChessBase"]
[SourceDate "2021.03.31"]
[SourceVersion "1"]
[SourceVersionDate "2021.03.31"]
[SourceQuality "1"]

1. d4 e6 2. Nf3 Nf6 3. Bf4 d5 4. e3 Bd6 5. Bg3 0-0 6. Nbd2 c5 7. c3 Qc7 8. Bd3 Nbd7 9. Qe2 e5 10. dxe5 Nxe5 11. Nxe5 Bxe5 12. e4 Bg4 13. f3 Bxg3+ 14. hxg3 Qxg3+ 15. Qf2 Qxf2+ 16. Kxf2 dxe4 17. Nxe4 Be6 18. Nxf6+ gxf6 19. Bxh7+ Kg7 20. Bc2 Rh8 21. Rxh8 Rxh8 22. Rd1 a6 23. a4 a5 24. Rd6 Rb8 25. Rb6 Bd5 26. Be4 Bxe4 27. fxe4 Kg6 28. Kf3 Kg5 29. Ke3 Kg4 30. Rxf6 b5 31. axb5 Rxb5 32. Rxf7 Rxb2 33. Rg7+ Kh5 34. Rc7 a4 35. Rxc5+ Kg6 36. Ra5 Rxg2 37. Rxa4 Kf6 38. Ra6+ Ke5 39. Ra5+ Kd6 40. Kd4 Rd2+ 41. Kc4 Re2 42. Rd5+ Kc6 43. Rd4 Re1 44. Kd3 Rd1+ 45. Ke3 Re1+ 46. Kf4 Rc1 47. Rd3 Rf1+ 48. Ke5 Kc5 49. Rd8 Kc6 50. Rd5 Rc1 51. Rd6+ Kc7 52. Rd3 Re1 53. Kd5 Kd7 54. c4 Ke7 55. c5 Rc1 56. e5 Rc2 57. Rd4 Rc1 58. Re4 Rd1+ 59. Kc6 Ke6 60. Re2 Rd3 61. Kc7 Kd5 62. e6 Rc3 63. e7 Rxc5+ 64. Kd7 Ra5 65. e8Q Ra7+ 66. Kc8 Ra8+ 67. Kb7 1-0

[Event "Cappelle Online Blitz op 1st"]
[Site "Europe Echecs INT"]
[Date "2021.01.10"]
[Round "2"]
[White "Kamsky, Gata"]
[Black "Joly, Julien"]
[Result "1-0"]
[WhiteElo "2665"]
[BlackElo "2198"]
[PlyCount "101"]
[EventDate "2021.01.10"]
[EventType "swiss (blitz)"]
[EventRounds "11"]
[EventCountry "FRA"]
[SourceTitle "CBM 200 Extra"]
[Source "ChessBase"]
[SourceDate "2021.03.31"]
[SourceVersion "1"]
[SourceVersionDate "2021.03.31"]
[SourceQuality "1"]

1. d4 Nf6 2. Nf3 g6 3. c3 Bg7 4. Bg5 d5 5. Nbd2 0-0 6. e3 b6 7. Be2 c5 8. 0-0 Ba6 9. a4 Bxe2 10. Qxe2 Nc6 11. Rfd1 Qc7 12. h3 Rfe8 13. Bf4 Qb7 14. Bh2 Rac8 15. Qb5 a6 16. Qb3 Na5 17. Qa2 Ne4 18. Nxe4 dxe4 19. Nd2 c4 20. Qb1 f5 21. Qc2 e5 22. Rab1 exd4 23. exd4 e3 24. fxe3 Rxe3 25. Nf3 Rce8 26. Be5 Qe4 27. Qxe4 fxe4 28. Ne1 Bxe5 29. dxe5 Rxe5 30. Kf2 Rd3 31. Nxd3 cxd3 32. Ke3 Nc4+ 33. Kd4 e3 34. Kxc4 e2 35. Rxd3 e1Q 36. Rxe1 Rxe1 37. Rd6 b5+ 38. axb5 axb5+ 39. Kxb5 Re2 40. b4 Rxg2 41. c4 Rg3 42. h4 Rf3 43. c5 Rf8 44. c6 Rb8+ 45. Kc5 Kf8 46. b5 Ke7 47. Rd7+ Ke6 48. Rxh7 g5 49. hxg5 Rf8 50. c7 Rf5+ 51. Kc6 1-0

[Event "Cappelle Online Blitz op 1st"]
[Site "Europe Echecs INT"]
[Date "2021.01.10"]
[Round "8"]
[White "Martinez Alcantara, Jose Eduardo"]
[Black "Joly, Julien"]
[Result "1-0"]
[WhiteElo "2620"]
[BlackElo "2198"]
[PlyCount "99"]
[EventDate "2021.01.10"]
[EventType "swiss (blitz)"]
[EventRounds "11"]
[EventCountry "FRA"]
[SourceTitle "CBM 200 Extra"]
[Source "ChessBase"]
[SourceDate "2021.03.31"]
[SourceVersion "1"]
[SourceVersionDate "2021.03.31"]
[SourceQuality "1"]

1. e4 c5 2. Nf3 e6 3. c3 Nf6 4. Bd3 Nc6 5. 0-0 d5 6. e5 Nd7 7. Bb5 Qb6 8. Bxc6 bxc6 9. d3 Ba6 10. Re1 Be7 11. Qc2 Rb8 12. c4 h6 13. b3 0-0 14. Bf4 Rfd8 15. Nc3 Nf8 16. Na4 Qa5 17. Bd2 Qc7 18. Rac1 Ng6 19. h3 Rd7 20. Be3 Qa5 21. Rcd1 Rbd8 22. Bd2 Qc7 23. Bc1 Qa5 24. Bb2 Bf8 25. Bc3 Qc7 26. Qc1 Be7 27. Bd2 Bf8 28. Kh1 Be7 29. Bc3 Bf8 30. Bb2 Be7 31. Kg1 Bf8 32. Ba3 Qa5 33. g3 Be7 34. Qc3 Qxc3 35. Nxc3 dxc4 36. dxc4 Rxd1 37. Rxd1 Rxd1+ 38. Nxd1 Nf8 39. Nd2 Nd7 40. f4 g5 41. Ne4 Kg7 42. Ndf2 gxf4 43. gxf4 Kg6 44. Kg2 Kf5 45. Kf3 f6 46. exf6 Nxf6 47. Nxf6 Bxf6 48. Bxc5 Bb7 49. Ne4 Bd8 50. Nd6+ 1-0

[Event "FRA-ch U20"]
[Site "Europe Echecs INT"]
[Date "2020.07.12"]
[Round "7"]
[White "Eugene, Floryan"]
[Black "Joly, Julien"]
[Result "1-0"]
[WhiteElo "2343"]
[BlackElo "2188"]
[PlyCount "61"]
[EventDate "2020.07.12"]
[EventType "swiss (rapid)"]
[EventRounds "9"]
[EventCountry "FRA"]
[SourceTitle "EXT 2021"]
[Source "ChessBase"]
[SourceDate "2020.10.23"]
[SourceVersion "1"]
[SourceVersionDate "2020.10.23"]
[SourceQuality "1"]

1. d4 Nf6 2. Nf3 g6 3. e3 Bg7 4. Be2 0-0 5. 0-0 d6 6. b3 b6 7. Bb2 c5 8. c4 Bb7 9. Nc3 Ne4 10. Qc2 Nxc3 11. Bxc3 cxd4 12. exd4 d5 13. c5 Nd7 14. b4 a5 15. b5 Nf6 16. Ne5 Ne4 17. c6 Bc8 18. Bd3 Nd6 19. a4 Qc7 20. Rfe1 Be6 21. Re2 Rae8 22. Rae1 Bc8 23. Bb2 Bh6 24. h4 Kg7 25. h5 f6 26. Bxg6 fxe5 27. dxe5 Ne4 28. e6+ Nf6 29. Bxh7 Kh8 30. Qg6 Bg7 31. h6 1-0

[Event "FRA-ch U20"]
[Site "Europe Echecs INT"]
[Date "2020.07.12"]
[Round "5"]
[White "Joly, Julien"]
[Black "Grancher, Etienne"]
[Result "1-0"]
[WhiteElo "2188"]
[BlackElo "1987"]
[PlyCount "129"]
[EventDate "2020.07.12"]
[EventType "swiss (rapid)"]
[EventRounds "9"]
[EventCountry "FRA"]
[SourceTitle "EXT 2021"]
[Source "ChessBase"]
[SourceDate "2020.10.23"]
[SourceVersion "1"]
[SourceVersionDate "2020.10.23"]
[SourceQuality "1"]

1. e4 c5 2. Nf3 e6 3. g3 Nc6 4. Bg2 Nf6 5. Qe2 Be7 6. 0-0 d6 7. c3 0-0 8. d4 e5 9. dxe5 dxe5 10. Rd1 Qc7 11. Na3 Bg4 12. h3 Bxf3 13. Qxf3 a6 14. Nc4 Rfd8 15. Bg5 Nd7 16. Bxe7 Nxe7 17. Bf1 b5 18. Ne3 Nb6 19. h4 Na4 20. Qe2 c4 21. h5 h6 22. Qc2 Rac8 23. Bh3 Rb8 24. Rac1 Nc5 25. Bf1 Qc6 26. Bg2 Nd3 27. Rb1 Rd6 28. Qe2 Rbd8 29. Qg4 Qc5 30. Qe2 Kh8 31. Kh2 Rf6 32. Rf1 Rfd6 33. Ng4 Ng8 34. Ne3 Nf6 35. Rbd1 Qc7 36. Nf5 R6d7 37. Bf3 Nc5 38. Rxd7 Qxd7 39. Qe3 Ne6 40. Rd1 Qc7 41. Kg2 Rxd1 42. Bxd1 Qd8 43. Be2 Kh7 44. Nh4 Ng8 45. Nf3 f6 46. Nh4 Ne7 47. Bg4 Qd6 48. Qa7 Nc5 49. Bf5+ Nxf5 50. Nxf5 Qf8 51. Nxg7 Qxg7 52. Qxc5 Qg5 53. Qe7+ Kg8 54. Qe8+ Kg7 55. Qd7+ Kg8 56. Qc8+ Kg7 57. Qxa6 Qxh5 58. Qxb5 Qe2 59. Qb7+ Kg6 60. Qd5 Kg5 61. Qg8+ Kh5 62. Qf7+ Kg5 63. Qg7+ Kh5 64. Qxf6 Qxe4+ 65. Qf3+ 1-0

[Event "FRA-ch U20"]
[Site "Europe Echecs INT"]
[Date "2020.07.12"]
[Round "3"]
[White "Joly, Julien"]
[Black "Materia, Marco"]
[Result "0-1"]
[WhiteElo "2188"]
[BlackElo "2269"]
[PlyCount "138"]
[EventDate "2020.07.12"]
[EventType "swiss (rapid)"]
[EventRounds "9"]
[EventCountry "FRA"]
[SourceTitle "EXT 2021"]
[Source "ChessBase"]
[SourceDate "2020.10.23"]
[SourceVersion "1"]
[SourceVersionDate "2020.10.23"]
[SourceQuality "1"]

1. e4 c5 2. Nf3 e6 3. g3 Nc6 4. Bg2 d5 5. exd5 exd5 6. d4 Nf6 7. 0-0 Be7 8. dxc5 Bxc5 9. Re1+ Be6 10. Nbd2 0-0 11. Nb3 Bb6 12. c3 Qd7 13. Be3 Rfe8 14. Bxb6 axb6 15. Nbd4 Bg4 16. Qb3 Qc7 17. Nb5 Qd7 18. Nbd4 Nxd4 19. Nxd4 Rxe1+ 20. Rxe1 Re8 21. Rxe8+ Qxe8 22. Qb5 Qe1+ 23. Qf1 Qd2 24. h3 Bh5 25. Qb5 h6 26. Qxb6 Qe1+ 27. Kh2 Qxf2 28. Qxb7 Bg6 29. Qb8+ Kh7 30. Qf4 Qxb2 31. a4 Qxc3 32. Nf3 Be4 33. Qd2 Qa3 34. Nd4 Qxa4 35. Nf3 Qa3 36. Nd4 Bxg2 37. Kxg2 Ne4 38. Qe1 Qd3 39. Nf3 Qc2+ 40. Kg1 Nf6 41. Nd2 d4 42. Kg2 Qf5 43. Nf3 d3 44. Qd2 Qd5 45. Qe3 Ne4 46. Kh2 d2 47. Nxd2 Qxd2+ 48. Qxd2 Nxd2 49. h4 Kg6 50. Kh3 h5 51. g4 hxg4+ 52. Kxg4 f5+ 53. Kf4 Kf6 54. h5 Ne4 55. Kf3 Ng5+ 56. Kf4 Ne6+ 57. Kg3 Kg5 58. h6 gxh6 59. Kf3 h5 60. Kg3 f4+ 61. Kf3 h4 62. Kg2 Kg4 63. Kf2 h3 64. Kg1 f3 65. Kh1 Kg3 66. Kg1 Ng5 67. Kh1 Ne4 68. Kg1 h2+ 69. Kh1 Nf2# 0-1